000 01167nam a2200325 c 4500
001 8614
003 ES-MaCES
005 20141221121947.0
008 990330s1999 sp o o000 | spa d
017 _aVA-147-1999
_bDL
020 _a8492296895
035 _aCES19990004846m
040 _aES-MaCES
_bspa
_cES-MaCES
110 2 _aConsejo Económico y Social (Castilla y León)
_92405
245 1 0 _aMemoria de actividades 1998
_c[Consejo Económico y Social, Comunidad de Castilla y León]
260 _a[Valladolid]
_bCES
_cD.L. 1999
300 _a131 p.
_bfot. bl. y n.
_c24 cm
541 _cGratuito
610 2 4 _aConsejo Económico y Social (Castilla y León)
_92405
650 4 _amemoria anual
_928977
650 4 _ainforme de actividades
_928984
650 4 _aCastilla y León
_930782
650 4 _a1998
_931169
653 1 0 _aAdministración-Instituciones públicas
787 0 _tMemoria de actividades 1999 / Consejo Económico y Social, Comunidad de Castilla y León
_w(ES-MaCES)10327
787 0 _tMemoria de actividades 1997
_w(ES-MaCES)6708
902 _aLIB Libro
942 _2CES
_cBK
_h6.3.
999 _c8614
_d8614